International Capital Budgeting (Record no. 128470)

MARC details
000 -LEADER
fixed length control field 00410nam a2200133Ia 4500
008 - FIXED-LENGTH DATA ELEMENTS--GENERAL INFORMATION
fixed length control field 211122s9999||||xx |||||||||||||| ||und||
082 ## - DEWEY DECIMAL CLASSIFICATION NUMBER
Classification number 658.154
Item number BUC-I
100 ## - MAIN ENTRY--PERSONAL NAME
Personal name Buckley, Adrian
245 #0 - TITLE STATEMENT
Title International Capital Budgeting
260 ## - PUBLICATION, DISTRIBUTION, ETC.
Name of publisher, distributor, etc. Prentice-Hall of India
Place of publication, distribution, etc. New Delhi
Date of publication, distribution, etc. 1996
630 ## - SUBJECT ADDED ENTRY--UNIFORM TITLE
General subdivision MBA Library
650 ## - SUBJECT ADDED ENTRY--TOPICAL TERM
Topical term or geographic name entry element Capital budget
942 ## - ADDED ENTRY ELEMENTS (KOHA)
Koha item type BOOK
650 ## - SUBJECT ADDED ENTRY--TOPICAL TERM
Form subdivision International business enterprisesFinanceManagement
Holdings
Withdrawn status Lost status Damaged status Not for loan Home library Current library Date acquired Cost, normal purchase price Total Checkouts Full call number Barcode Shelving location Date last seen Price effective from Koha item type
        SB LIBRARY SB LIBRARY 22/11/2021 325.00   658.154 BUC-I 00110370 MBA LIBRARY 22/11/2021 22/11/2021 BOOK

Powered by Koha